| 000 | 01199cam a2200289 a 4500 | ||
|---|---|---|---|
| 999 |
_c4778 _d4778 |
||
| 001 | 2617331 | ||
| 003 | OSt | ||
| 005 | 20210324125247.0 | ||
| 008 | 980901s1999 enka b 001 0 eng | ||
| 010 | _a 98044051 | ||
| 020 | _a0521640792 (hbk.) | ||
| 040 |
_aDLC _cDLC _dDLC |
||
| 082 | _aWA105 D152e 1999 | ||
| 100 | 1 |
_aDaley, Daryl J.; Gani, J. M. _910283 |
|
| 245 | 1 | 0 |
_aEpidemic Modelling: _ban introduction |
| 260 |
_aCambridge ; _aNew York : _bCambridge University Press, _c1999. |
||
| 300 |
_axii, 213 p. : _bill. ; _c24 cm. |
||
| 440 | 0 |
_aCambridge studies in mathematical biology ; _v15 _910284 |
|
| 504 | _aIncludes bibliographical references (p. 194-204) and indexes. | ||
| 650 | 0 |
_aEpidemiology _99878 |
|
| 650 | 0 |
_aMedical survey _99860 |
|
| 856 | 4 | 2 |
_3Publisher description _uhttp://www.loc.gov/catdir/description/cam029/98044051.html |
| 856 | 4 | 1 |
_3Table of contents _uhttp://www.loc.gov/catdir/toc/cam027/98044051.html |
| 906 |
_a7 _bcbc _corignew _d1 _eocip _f19 _gy-gencatlg |
||
| 942 |
_2z _cO_SHELF |
||